ბათუმის შოთა რუსთაველის სახელმწიფო უნივერსიტეტის ბიბლიოთეკა

Скарби курганів Херсонщини / (ბიბ.ჩანაწერი № 60871)

000 -LEADER
fixed length control field 00577nam a22001577a 4500
005 - DATE AND TIME OF LATEST TRANSACTION
control field 20231113124256.0
008 - FIXED-LENGTH DATA ELEMENTS--GENERAL INFORMATION
fixed length control field 231113s1974 un ||||| |||| 00| 0 ukr d
041 ## - LANGUAGE CODE
Language code of text/sound track or separate title ukr
080 ## - UNIVERSAL DECIMAL CLASSIFICATION NUMBER
Universal Decimal Classification number 902.6 Л-50
100 ## - MAIN ENTRY--PERSONAL NAME
Personal name Лєсков, О.
9 (RLIN) 20352
245 ## - TITLE STATEMENT
Title Скарби курганів Херсонщини /
Statement of responsibility, etc. О. Лєсков.
264 ## - PRODUCTION, PUBLICATION, DISTRIBUTION, MANUFACTURE, AND COPYRIGHT NOTICE
Place of production, publication, distribution, manufacture Київ :
Name of producer, publisher, distributor, manufacturer Мистецтво,
Date of production, publication, distribution, manufacture, or copyright notice 1974.
300 ## - PHYSICAL DESCRIPTION
Extent 124 стр.:
Other physical details ил.;
Dimensions 20 см.
653 ## - INDEX TERM--UNCONTROLLED
keyword ხერსონის რეგიონის ბორცვების საგანძური
942 ## - ADDED ENTRY ELEMENTS (KOHA)
Source of classification or shelving scheme
Koha item type წიგნი
ეგზემპლარები
Withdrawn status Lost status Source of classification or shelving scheme Damaged status Not for loan Permanent Location Current Location Shelving location Date acquired Cost, normal purchase price Full call number Barcode Date last seen Copy number Uniform Resource Identifier Price effective from Koha item type Public note
          ბათუმის შოთა რუსთაველის სახელმწიფო უნივერსიტეტის მთავარი ბიბლიოთეკა ბათუმის შოთა რუსთაველის სახელმწიფო უნივერსიტეტის მთავარი ბიბლიოთეკა წიგნსაცავი 2023-11-13 6.00 902.6 Л-50 65427 2023-11-13 65427 ბსუ-ს საპატიო დოქტორის გურამ ლორთქიფანიძის საჩუქარი 2023-11-13 წიგნი 6 ლ.